Essen Bild Quiz (Deutsche) - Statistiken

Allgemein
  • Dieses Quiz wurde 1.132 mal gespielt
  • Das Durchschnittsergebnis liegt bei 9 aus 10
Antwortstatistiken
Bildquiz Antwort % Korrekt
Pizza
99%
Eier
97%
Zitrone
97%
Schokolade
96%
Sushi
95%
Bananen
94%
Birnen
92%
Wurst
87%
Brot
69%
Pasta
49%
Keine übereinstimmenden Quizze gefunden
Verteilung der Resultate
Anzahl Personen mit jedem Resultat
Perzentil nach korrekt beantworteten Fragen
Ihre Resultats-Entwicklung
Sie haben dieses Quiz noch nicht gespielt